| 000 | 00517nam a22001817a 4500 | ||
|---|---|---|---|
| 999 |
_c3146 _d3146 |
||
| 003 | AR-CdUCM | ||
| 008 | 190306b ||||| |||| 00| 0 esp d | ||
| 020 | _aISBN | ||
| 040 |
_aMUNICIPALIDAD PROVINCIAL DEL CUSCO _cBIBLIOTECA MUNICIPAL DEL CUSCO |
||
| 082 |
_a868.3 / _bP75 |
||
| 100 |
_aPolar, Juan Manuel _910606 |
||
| 245 |
_aDon Quijote en Yanquilandia _cJuan Manuel Polar |
||
| 300 |
_a95 paginas ; _c16 cm. |
||
| 650 |
_aNovela peruana _91234 |
||
| 650 |
_aSiglo XX _98 |
||
| 942 |
_2ddc _cLIBROS |
||
| 945 | _aacrta | ||